ბათუმის შოთა რუსთაველის სახელმწიფო უნივერსიტეტის ბიბლიოთეკა

Campbell-Walsh Urology : (ბიბ.ჩანაწერი № 61715)

000 -LEADER
fixed length control field 00795nam a22002177a 4500
005 - DATE AND TIME OF LATEST TRANSACTION
control field 20240419162712.0
008 - FIXED-LENGTH DATA ELEMENTS--GENERAL INFORMATION
fixed length control field 240419s2007 enk||||| |||| 00| 0 eng d
020 ## - INTERNATIONAL STANDARD BOOK NUMBER
International Standard Book Number 9789996013768x
041 ## - LANGUAGE CODE
Language code of text/sound track or separate title eng
080 ## - UNIVERSAL DECIMAL CLASSIFICATION NUMBER
Universal Decimal Classification number 616.6 C-18
245 ## - TITLE STATEMENT
Title Campbell-Walsh Urology :
Remainder of title volume 2 /
Statement of responsibility, etc. Editor Wein, Alan J. | Kavoussi, Louis R.
250 ## - EDITION STATEMENT
Edition statement Ninth Edition
264 ## - PRODUCTION, PUBLICATION, DISTRIBUTION, MANUFACTURE, AND COPYRIGHT NOTICE
Place of production, publication, distribution, manufacture Philadelphia :
Name of producer, publisher, distributor, manufacturer Saunders,
Date of production, publication, distribution, manufacture, or copyright notice 2007.
300 ## - PHYSICAL DESCRIPTION
Extent 1888 p.:
Other physical details ill.;
Dimensions 29 cm.
653 ## - INDEX TERM--UNCONTROLLED
keyword უროლოგია
653 ## - INDEX TERM--UNCONTROLLED
keyword მედიცინა
653 ## - INDEX TERM--UNCONTROLLED
keyword ქალის უროგენიტალური დაავადებები
700 ## - ADDED ENTRY--PERSONAL NAME
Personal name Wein, Alan J.
Dates associated with a name რედაქტორი
9 (RLIN) 21888
700 ## - ADDED ENTRY--PERSONAL NAME
Personal name Kavoussi, Louis R.
Relator term რედაქტორი
9 (RLIN) 9481
942 ## - ADDED ENTRY ELEMENTS (KOHA)
Source of classification or shelving scheme
Koha item type წიგნი
ეგზემპლარები
Withdrawn status Lost status Source of classification or shelving scheme Damaged status Not for loan Permanent Location Current Location Shelving location Date acquired Cost, normal purchase price Full call number Barcode Date last seen Copy number Price effective from Koha item type Public note
          ბათუმის შოთა რუსთაველის სახელმწიფო უნივერსიტეტის მთავარი ბიბლიოთეკა ბათუმის შოთა რუსთაველის სახელმწიფო უნივერსიტეტის მთავარი ბიბლიოთეკა წიგნსაცავი 2024-04-19 204.25 616.6 C-18 67878 2024-04-19 67878 2024-04-19 წიგნი 204 ლ.. 25 თ.